Electric motors and generators (Record no. 183580)
[ view plain ]
| 000 -LEADER | |
|---|---|
| fixed length control field | 00936 a2200169 4500 |
| 003 - CONTROL NUMBER IDENTIFIER | |
| control field | Nust |
| 005 - DATE AND TIME OF LATEST TRANSACTION | |
| control field | 20170207153309.0 |
| 040 ## - CATALOGING SOURCE | |
| Transcribing agency | Nust |
| 082 ## - DEWEY DECIMAL CLASSIFICATION NUMBER | |
| Classification number | 623.8726 |
| 100 ## - MAIN ENTRY--PERSONAL NAME | |
| Personal name | Electric motors |
| 245 ## - TITLE STATEMENT | |
| Title | Electric motors and generators |
| Remainder of title | illustrated |
| 260 ## - PUBLICATION, DISTRIBUTION, ETC. | |
| Place of publication, distribution, etc. | London |
| Name of publisher, distributor, etc. | Odhams Press |
| Date of publication, distribution, etc. | 1956 |
| 300 ## - PHYSICAL DESCRIPTION | |
| Extent | 384p |
| 505 ## - FORMATTED CONTENTS NOTE | |
| Formatted contents note | How Motors And Generators Are Used (Page-5), General Principles Of Design (Page-28), Design Of Magnetic Circuits (Page-37), Armature And Rotor Construction (Page-57), Communicators, Slip-Rings And Brush Gear (Page-78), Field And Armature Windings (Page-96), Casing Design And Ventilation (Page-123), D.C. Generators And Kindred Machines (Page-146), D.C. Motors (Page-167), A.C. Motors (Page-210), Starters And Speed Control (Page-231), Primary Power For Generators (Page-253), Testing (Page-292), Communication (Page-323), Maintenance (Page-336). |
| 538 ## - SYSTEM DETAILS NOTE | |
| System details note | Almirah No.42 Shelf No. 2 |
| 650 ## - SUBJECT ADDED ENTRY--TOPICAL TERM | |
| Topical term or geographic name entry element | Electric motors |
| 942 ## - ADDED ENTRY ELEMENTS (KOHA) | |
| Source of classification or shelving scheme | |
| Koha item type | Book |
| Withdrawn status | Lost status | Source of classification or shelving scheme | Damaged status | Not for loan | Collection code | Permanent Location | Current Location | Date acquired | Total Checkouts | Full call number | Barcode | Date last seen | Price effective from | Koha item type |
|---|---|---|---|---|---|---|---|---|---|---|---|---|---|---|
| Military College of Signals (MCS) | Military College of Signals (MCS) | 12/12/2016 | 623.8726 ELE | MCS6450 | 12/08/2016 | 12/12/2016 | Book |
